000 00640nam a2200169 i 4500
001 189079
003 ES-MaACL
005 20230906223355.0
008 190327s1923 sp |||| |dspa d
100 1 _aPaléologue, Maurice.
_988547
245 1 3 _aLe roman tragique de l'Empereur Alexandre II /
_cMaurice Paléologue.
260 _aParis :
_bLibrairie Plon,
_c[1923]
300 _a252 p. ;
_c18 cm.
600 0 4 _aAlejandro
_bII
_cEmperador de Rusia.
_9166715
651 4 _aRusia-
_xHistoria-
_y1855-1881, Alejandro II.
_9166716
852 _aES-MaACL
_jL-32251
_z- Enc. cart.
_z. - Donat. herederos de la bibl. de Mª del Pilar Costa Palacín
999 _c189079
_d189079